000 00750nam a22002537a 4500
001 BR7406679
003 BR-BrBNA
005 20230928084653.0
007 ta
008 230509b bl.||||| |||| 00| 0 por d
040 _aBR-BrBNA
_bpor
_cBiblioteca Nacional de Agricultura
041 _a(Por)
072 _aE30
_b/G514
090 _ E30 BR7406679
110 1 _aCentro de Pesquisas e Desenvolvimento, Salvador, BA (Brasil)
_91650
245 1 _aProgramas e projetos em execucao e previstos [alimento, regiao nordeste, Brasil]
260 3 _aSalvador, BA (Brasil):
_c1974.
300 _a23 p.
650 _aPROJETO DE DESENVOLVIMENTO
650 _aALIMENTO
650 _aREGIAO NORDESTE
909 _a202309
_bLucia
_c55
_dLucia Elande
942 _cBK
999 _c20383
_d20383